[Event "Nordisk Mesterskab Ungdom U20 2026"]
[Site "Fredericia"]
[Date "2026.02.14"]
[Round "4.3"]
[White "Salonen, Aku"]
[Black "Wahlgreen, Noah Krug"]
[Result "1/2-1/2"]
[WhiteElo "2269"]
[BlackElo "2156"]
[WhiteFideId "517577"]
[BlackFideId "1457349"]
[EventDate "2026.02.13"]
[EventType "swiss"]
[EventRounds "6"]
[EventCountry "DEN"]
[SourceTitle "Live v. Fredericia Chess Club"]

1. e4 e5 2. Nf3 Nf6 3. Nxe5 d6 4. Nf3 Nxe4 5. d4 d5 6. Bd3 Bf5 7. O-O Be7 8. Re1 Nc6 9. Nbd2 Nxd2 10. Qxd2 Bxd3 11. Qxd3 O-O 12. c3 Qd7 13. Bf4 a6 14. Re2 Rae8 15. Rae1 Bd8 16. h4 Rxe2 17. Qxe2 f6 18. Nd2 a5 19. Qb5 Ne5 20. Qe2 Nc6 21. Nb3 b6 22. Nc1 Ne7 23. Nd3 Rf7 24. h5 Nc8 25. Qf3 Be7 26. g4 c6 27. Qg3 Bd6 28. f3 Re7 29. Rxe7 Qxe7 30. Kf2 Bxf4 31. Qxf4 Qd6 32. Ke3 Qe6+ 33. Kd2 Qd6 34. Ke3 Qe6+ 35. Kd2 Qd6 1/2-1/2

[Event "Nordisk Mesterskab Ungdom U20 2026"]
[Site "Fredericia"]
[Date "2026.02.14"]
[Round "4.4"]
[White "Iskos, Lukas"]
[Black "Hietanen, Herman"]
[Result "0-1"]
[WhiteElo "2123"]
[BlackElo "2112"]
[WhiteFideId "1461613"]
[BlackFideId "519880"]
[EventDate "2026.02.13"]
[EventType "swiss"]
[EventRounds "6"]
[EventCountry "DEN"]
[SourceTitle "Live v. Fredericia Chess Club"]

1. d4 e6 2. Bf4 Nf6 3. e3 c5 4. Nf3 cxd4 5. Nxd4 e5 6. Bxe5 Qa5+ 7. Nd2 Qxe5 8. Nc4 Qc5 9. c3 d5 10. b4 Qc7 11. Nb5 Qd8 12. Ne5 Nc6 13. f4 Be7 14. Nxc6 bxc6 15. Nd4 Bd7 16. Bd3 O-O 17. g4 Nxg4 18. Rg1 Bh4+ 19. Kd2 Nf2 20. Bxh7+ Kxh7 21. Qh5+ Kg8 22. Rxg7+ Kxg7 23. Rg1+ Ng4 24. Nf5+ Bxf5 25. Qxf5 Rh8 26. Qxg4+ Kf8 27. Qg7+ Ke7 28. Qe5+ Kd7 29. Rg7 Qf6 0-1

[Event "Nordisk Mesterskab Ungdom U20 2026"]
[Site "Fredericia"]
[Date "2026.02.14"]
[Round "4.5"]
[White "Religa, Marek"]
[Black "Wedenberg, Oliver"]
[Result "0-1"]
[WhiteElo "2304"]
[BlackElo "2058"]
[WhiteFideId "1750208"]
[BlackFideId "1767909"]
[EventDate "2026.02.13"]
[EventType "swiss"]
[EventRounds "6"]
[EventCountry "DEN"]
[SourceTitle "Live v. Fredericia Chess Club"]

1. d4 d5 2. c4 e6 3. Nf3 Nf6 4. g3 Be7 5. Bg2 O-O 6. O-O dxc4 7. Qc2 b5 8. a4 b4 9. Ne5 Qxd4 10. Bxa8 Qxe5 11. Bf4 Qh5 12. Bf3 Ng4 13. Bxg4 Qxg4 14. Qxc4 e5 15. Qxc7 exf4 16. Qxe7 fxg3 17. Nd2 Nc6 18. Qe4 gxh2+ 19. Kh1 Qd7 20. Qf4 Nd4 21. Rae1 Ba6 22. Ne4 Nxe2 23. Qf3 Qb7 24. Kxh2 f5 25. Qb3+ Kh8 26. Ng5 Qb8+ 27. f4 Nxf4 28. Qg3 Bxf1 29. Rxf1 Ng6 30. Qxb8 Rxb8 31. Rxf5 h6 32. Ne4 Re8 33. Ng3 Rc8 34. Ra5 Rc7 35. b3 Nf4 36. Nf5 Nd3 37. Nd4 Rd7 38. Nc6 Nc1 39. Rb5 Nxb3 40. Rxb4 Nc5 41. a5 Rd6 42. Ne5 Kh7 43. Rb5 Nd7 44. Nc4 Rc6 45. Ne3 a6 46. Rb7 Nc5 47. Ra7 Kg6 48. Nc4 Kf6 49. Nb6 g5 50. Kg3 Kg6 51. Nd5 Rd6 52. Ne7+ Kh5 53. Nf5 Rd3+ 54. Kg2 Ra3 55. Rc7 Rxa5 56. Rc6 Ra2+ 57. Kf3 Ra3+ 58. Kg2 Ne4 59. Re6 Kg4 60. Nxh6+ Kf4 61. Nf7 Ra2+ 62. Kg1 g4 63. Ne5 Nd2 64. Kh1 Kg3 65. Nd3 Nf3 0-1

[Event "Nordisk Mesterskab Ungdom U20 2026"]
[Site "Fredericia"]
[Date "2026.02.14"]
[Round "4.6"]
[White "Petersen, Elias"]
[Black "Omarsson, Adam"]
[Result "1/2-1/2"]
[WhiteElo "2102"]
[BlackElo "1974"]
[WhiteFideId "7202725"]
[BlackFideId "2311453"]
[EventDate "2026.02.13"]
[EventType "swiss"]
[EventRounds "6"]
[EventCountry "DEN"]
[SourceTitle "Live v. Fredericia Chess Club"]

1. c4 Nf6 2. d4 g6 3. Nc3 Bg7 4. e4 d6 5. h3 O-O 6. Bg5 h6 7. Be3 e5 8. d5 Na6 9. Nf3 Nh5 10. Qd2 Kh7 11. g4 Nf4 12. Bxf4 exf4 13. Qxf4 Nc5 14. Nd2 Qf6 15. Qxf6 Bxf6 16. Rc1 Re8 17. f3 a5 18. Kd1 Bd7 19. Kc2 a4 20. h4 Kg7 21. Re1 Na6 22. a3 Nc5 23. g5 hxg5 24. hxg5 Bxg5 25. Bh3 1/2-1/2

[Event "Nordisk Mesterskab Ungdom U20 2026"]
[Site "Fredericia"]
[Date "2026.02.15"]
[Round "5.1"]
[White "Fiskaaen, Martin Holten"]
[Black "Briem, Benedikt"]
[Result "1-0"]
[WhiteElo "2312"]
[BlackElo "2238"]
[WhiteFideId "1550233"]
[BlackFideId "2315432"]
[EventDate "2026.02.13"]
[EventType "swiss"]
[EventRounds "6"]
[EventCountry "DEN"]
[SourceTitle "Live v. Fredericia Chess Club"]

1. d4 d5 2. c4 e6 3. Nf3 Nf6 4. g3 Be7 5. Bg2 Ne4 6. Nc3 f5 7. Qc2 Nc6 8. O-O h5 9. h4 Bf6 10. Rd1 Ne7 11. Ne5 c6 12. Bf4 O-O 13. e3 Nd6 14. c5 Bxe5 15. Bxe5 Nf7 16. Bf4 Kh7 17. Bf3 g6 18. b4 Ng8 19. b5 Nf6 20. bxc6 bxc6 21. Ne2 Nd7 22. Qa4 Bb7 23. Rab1 Qc8 24. Nc1 Ba6 25. Nb3 Bb5 26. Qb4 a5 27. Qc3 a4 28. Nc1 Re8 29. Be2 Bxe2 30. Nxe2 Qa6 31. Qc2 e5 32. dxe5 Nfxe5 33. Nd4 Nc4 34. Nxf5 Nxc5 35. Nd6 Nxd6 36. Qxc5 Ne4 37. Qd4 Ra7 38. f3 c5 39. Qb2 Nf6 40. Qb6 c4 41. Qd4 Re6 42. Be5 Rae7 43. Bf4 c3 44. Qxc3 Qe2 45. Rf1 Qxa2 46. Bg5 Rf7 47. Ra1 Qe2 48. Qe1 Qxe1 49. Rfxe1 Ra7 50. Red1 Kg7 51. Kf2 Rb6 52. Ra3 Rb2+ 53. Ke1 Rb4 54. Bxf6+ Kxf6 55. Rxd5 Rc7 56. Rd2 Rc1+ 57. Kf2 Ke5 58. e4 Rc5 59. Rda2 Rcb5 60. Rxa4 Rb2+ 61. Rxb2 Rxb2+ 62. Kf1 Rb1+ 63. Kg2 Rb2+ 64. Kh3 Rb3 65. f4+ Ke6 66. Ra6+ Kf7 67. Ra4 Rc3 68. Rd4 Rc2 69. Rd3 Re2 70. e5 Ra2 71. Rd7+ Kf8 72. Rb7 Rc2 73. Rb3 Kf7 74. Ra3 Rb2 75. g4 hxg4+ 76. Kxg4 Rg2+ 77. Rg3 Rf2 78. Kg5 Rf1 79. Rg4 Rh1 80. Kh6 Rh2 81. Rxg6 Rxh4+ 82. Kg5 Rxf4 83. e6+ 1-0

[Event "Nordisk Mesterskab Ungdom U20 2026"]
[Site "Fredericia"]
[Date "2026.02.15"]
[Round "5.2"]
[White "Salonen, Aku"]
[Black "Olsen, William Alexander"]
[Result "1-0"]
[WhiteElo "2269"]
[BlackElo "2155"]
[WhiteFideId "517577"]
[BlackFideId "1536915"]
[EventDate "2026.02.13"]
[EventType "swiss"]
[EventRounds "6"]
[EventCountry "DEN"]
[SourceTitle "Live v. Fredericia Chess Club"]

1. e4 e5 2. Nf3 Nc6 3. Bb5 a6 4. Ba4 Nf6 5. d3 b5 6. Bb3 Be7 7. a4 Rb8 8. axb5 axb5 9. Nc3 d6 10. Nd5 Nxd5 11. Bxd5 Nb4 12. Bb3 c5 13. Bd2 Nc6 14. Bd5 Qc7 15. c3 Be6 16. O-O O-O 17. Be3 Bf6 18. Bxe6 fxe6 19. Nd2 Qe7 20. Qg4 Ra8 21. g3 d5 22. Nf3 d4 23. Bd2 c4 24. Rxa8 Rxa8 25. cxd4 cxd3 26. d5 exd5 27. exd5 Ra4 28. Qc8+ Nd8 29. Bc3 e4 30. Ne5 Qb7 31. Qc5 Bxe5 32. Bxe5 Nf7 33. b3 Ra8 34. Bf4 Rd8 35. d6 g5 36. Bxg5 Rxd6 37. Bf4 Rd8 38. Bd2 Qd5 39. Qe7 Qe5 40. Qh4 Qf5 41. Qe7 Qe5 42. Qb4 Qd5 43. Rc1 Ne5 44. Rc5 Nf3+ 45. Kg2 Qd4 46. Qa5 Rf8 47. Qa7 Qg7 48. Qa2 Nxd2 49. Qxd2 Qd4 50. b4 h6 51. Rc7 e3 52. Qa2+ Kh8 53. Qe6 Rxf2+ 54. Kh3 Qg7 55. Rxg7 Kxg7 56. Qd7+ Rf7 57. Qd4+ Kf8 58. Qxe3 Rd7 59. Qxh6+ Ke7 60. Qe3+ Kf6 61. Qd2 Rd4 62. Kg2 Ke5 63. Kf3 Kd5 64. h4 Kc4 65. h5 Rd8 66. h6 Rf8+ 67. Kg2 Re8 68. h7 Re2+ 69. Qxe2 dxe2 70. Kf2 e1=B+ 1-0

[Event "Nordisk Mesterskab Ungdom U20 2026"]
[Site "Fredericia"]
[Date "2026.02.15"]
[Round "5.3"]
[White "Hietanen, Herman"]
[Black "Wahlgreen, Noah Krug"]
[Result "1/2-1/2"]
[WhiteElo "2112"]
[BlackElo "2156"]
[WhiteFideId "519880"]
[BlackFideId "1457349"]
[EventDate "2026.02.13"]
[EventType "swiss"]
[EventRounds "6"]
[EventCountry "DEN"]
[SourceTitle "Live v. Fredericia Chess Club"]

1. d4 d5 2. Bf4 e6 3. e3 c5 4. Nf3 Nc6 5. Nbd2 Bd6 6. Bxd6 Qxd6 7. c3 Nge7 8. Bd3 cxd4 9. cxd4 f6 10. O-O O-O 11. e4 b6 12. Re1 dxe4 13. Nxe4 Qd7 14. Rc1 Bb7 15. Bc4 Nd5 16. Nc3 Rfe8 17. Rxe6 Rxe6 18. Bxd5 Ne7 19. Bxe6+ Qxe6 20. Qd3 Rd8 21. Re1 Qd7 22. Qc4+ Kf8 23. Ne4 Nf5 24. Qb4+ Qe7 25. Nc5 bxc5 26. Rxe7 cxb4 27. Rxb7 Nxd4 28. Nxd4 Rxd4 29. g3 a5 30. Ra7 Rd2 31. Rxa5 Rxb2 32. Ra7 b3 33. axb3 1/2-1/2

[Event "Nordisk Mesterskab Ungdom U20 2026"]
[Site "Fredericia"]
[Date "2026.02.15"]
[Round "5.4"]
[White "Wedenberg, Oliver"]
[Black "Apol, Luitjen Akselsson"]
[Result "1/2-1/2"]
[WhiteElo "2058"]
[BlackElo "2301"]
[WhiteFideId "1767909"]
[BlackFideId "7202466"]
[EventDate "2026.02.13"]
[EventType "swiss"]
[EventRounds "6"]
[EventCountry "DEN"]
[SourceTitle "Live v. Fredericia Chess Club"]

1. e4 c5 2. Nf3 d6 3. d4 cxd4 4. Nxd4 Nf6 5. Nc3 a6 6. Be3 e5 7. Nf3 Be7 8. Bc4 O-O 9. O-O Be6 10. Bxe6 fxe6 11. Na4 Ng4 12. Qd3 Nxe3 13. Qxe3 b5 14. Nb6 Ra7 15. Nd5 Rb7 16. Qd2 Nd7 17. Rfd1 Nc5 18. Nxe7+ Rxe7 19. Qe3 Qc7 20. b3 Ref7 21. Ng5 Rxf2 22. b4 h6 23. Nf3 R2xf3 24. gxf3 Na4 25. Rd2 Nb2 26. Rg2 Rf4 27. Kh1 Nc4 28. Qd3 Qf7 29. Rag1 g5 30. Rg3 d5 31. Re1 Kg7 32. Kg2 d4 33. h3 Qa7 34. c3 Ne3+ 35. Kf2 Nc2 36. Rc1 dxc3+ 37. Kg2 Ne3+ 38. Kh2 c2 39. Rxc2 Nxc2 40. Qxc2 Qd4 41. Kg2 Rf7 42. h4 Rd7 43. Qc8 Qd2+ 44. Kh3 Qd1 45. Kg4 Rf7 46. Kh5 Rxf3 47. Rg4 Rf4 48. Qc7+ Kf8 49. Qc8+ Ke7 50. Qc7+ Ke8 51. Qc8+ Ke7 52. Qc7+ Qd7 53. Qc5+ Ke8 54. Rxf4 exf4 55. hxg5 hxg5 56. Kxg5 f3 57. Kg4 Qd3 58. Qc8+ Kf7 59. Qc7+ Kg6 60. Qe5 Qc4 61. Kxf3 Qd3+ 62. Kf4 Qd2+ 63. Kf3 Qxa2 64. Qg3+ Kf7 65. Qf4+ Ke8 66. Qb8+ Kd7 67. Qb7+ Kd6 68. Qb6+ Ke5 1/2-1/2

[Event "Nordisk Mesterskab Ungdom U20 2026"]
[Site "Fredericia"]
[Date "2026.02.15"]
[Round "5.5"]
[White "Omarsson, Adam"]
[Black "Religa, Marek"]
[Result "0-1"]
[WhiteElo "1974"]
[BlackElo "2304"]
[WhiteFideId "2311453"]
[BlackFideId "1750208"]
[EventDate "2026.02.13"]
[EventType "swiss"]
[EventRounds "6"]
[EventCountry "DEN"]
[SourceTitle "Live v. Fredericia Chess Club"]

1. d4 e6 2. c4 b6 3. Nc3 Bb4 4. e3 Bxc3+ 5. bxc3 Bb7 6. f3 Qh4+ 7. g3 Qe7 8. Nh3 d6 9. Nf2 Nf6 10. e4 e5 11. d5 Nbd7 12. Bh3 O-O-O 13. a4 a5 14. c5 dxc5 15. Qb3 Ba6 16. c4 Ne8 17. Nd1 Nd6 18. Ne3 g6 19. O-O h5 20. Bg2 f5 21. Bb2 h4 22. Rfc1 hxg3 23. hxg3 Qg5 24. Nf1 fxe4 25. fxe4 Nf6 26. Qd3 Ng4 27. Rc2 Rdf8 28. Bf3 Bxc4 29. Rxc4 Nxc4 30. Bc1 Qh5 31. Ra2 Nd6 32. Qd1 Rxf3 33. Qxf3 Nf6 34. Qxh5 Rxh5 0-1

[Event "Nordisk Mesterskab Ungdom U20 2026"]
[Site "Fredericia"]
[Date "2026.02.15"]
[Round "5.6"]
[White "Iskos, Lukas"]
[Black "Petersen, Elias"]
[Result "0-1"]
[WhiteElo "2123"]
[BlackElo "2102"]
[WhiteFideId "1461613"]
[BlackFideId "7202725"]
[EventDate "2026.02.13"]
[EventType "swiss"]
[EventRounds "6"]
[EventCountry "DEN"]
[SourceTitle "Live v. Fredericia Chess Club"]

1. d4 d5 2. Bf4 c5 3. e3 cxd4 4. exd4 Nc6 5. Nf3 Bf5 6. Bb5 Qa5+ 7. Nc3 e6 8. O-O Bb4 9. Qe2 Ne7 10. Nd1 Qd8 11. Ne3 Bg6 12. c4 O-O 13. c5 Ba5 14. Ng4 Bh5 15. Nge5 Nxd4 16. Qd3 Nxb5 17. Qxb5 f6 18. c6 fxe5 19. cxb7 Rb8 20. Bxe5 Bc7 21. Rac1 Bd6 22. Qa6 Nf5 23. Nd4 Qb6 24. Qxb6 axb6 25. Bxd6 Nxd6 26. Nxe6 Rf6 27. Nc7 Bf7 28. Rfd1 Nxb7 29. Nxd5 Rd6 30. Nb4 Rxd1+ 31. Rxd1 Rd8 32. Rc1 Nc5 33. Kf1 Kf8 34. Ke2 Bg6 35. Rc3 Rd6 36. f3 Ke7 37. Ra3 Ke6 38. Ra7 Rd7 39. Ra8 Kd6 40. Rc8 Ke6 41. Rc6+ Rd6 42. Rc7 Kf6 43. Ke3 Nd3 44. Nxd3 Bxd3 45. g4 h6 46. h4 Bb1 47. Ra7 g6 48. a4 Rd3+ 49. Kf4 Rb3 50. g5+ hxg5+ 51. hxg5+ Ke6 52. a5 Rb4+ 53. Kg3 bxa5 54. Ra6+ Kd5 55. Rxa5+ Kd4 56. Ra8 Rxb2 57. Rd8+ Ke5 58. f4+ Ke6 59. Re8+ Kf7 60. Re3 Rd2 61. Re1 Bf5 62. Re3 Rd3 63. Kh4 Rd1 64. Kg3 Rh1 65. Re5 Rh3+ 66. Kg2 Rd3 67. Ra5 Ke6 68. Re5+ Kd6 69. Kf2 Bg4 70. Ra5 Bf5 71. Re5 Rd5 72. Re3 Rd2+ 73. Kg3 Kd5 74. Ra3 Rd3+ 75. Kh4 Ke4 76. Ra4+ Kf3 77. Rb4 Rd1 78. Rb3+ Bd3 0-1

[Event "Nordisk Mesterskab Ungdom U20 2026"]
[Site "Fredericia"]
[Date "2026.02.15"]
[Round "6.1"]
[White "Fiskaaen, Martin Holten"]
[Black "Salonen, Aku"]
[Result "1/2-1/2"]
[WhiteElo "2312"]
[BlackElo "2269"]
[WhiteFideId "1550233"]
[BlackFideId "517577"]
[EventDate "2026.02.13"]
[EventType "swiss"]
[EventRounds "6"]
[EventCountry "DEN"]
[SourceTitle "Live v. Fredericia Chess Club"]

1. d4 d5 2. c4 e6 3. Nf3 Nf6 4. g3 dxc4 5. Bg2 c5 6. O-O Nc6 7. dxc5 Qxd1 8. Rxd1 Bxc5 9. Nbd2 c3 10. bxc3 O-O 11. Nb3 Be7 12. c4 Bd7 13. Bb2 Rfc8 14. c5 Be8 15. Nfd2 b6 16. cxb6 axb6 17. Nc4 Rab8 18. Rac1 b5 19. Nd6 Bxd6 20. Rxd6 Nb4 21. Rxc8 Rxc8 22. a3 Nbd5 23. e4 Nc3 24. f3 Nd7 25. Bf1 Kf8 26. Rd3 Na4 27. Bd4 Ndb6 28. Bf2 Nc4 29. Be1 f6 30. Nd4 Bd7 31. Bb4+ Kf7 32. Nf5 Be8 33. Nd6+ Nxd6 34. Rxd6 g6 35. Ra6 Rc7 36. Ra8 Nb6 37. Rd8 Nc4 38. Kf2 Ra7 39. Rd3 Nb2 40. Rb3 Nc4 41. Rc3 e5 42. Bxc4+ bxc4 43. Rxc4 Ke6 44. Ke3 Bd7 45. Rc5 Ra6 46. Rd5 Rc6 47. Rd2 Bc8 48. Rd8 f5 49. Rh8 Ba6 50. exf5+ Kxf5 51. g4+ Kf6 52. Rd8 Bb5 53. Rd5 Bc4 54. Ra5 Ba6 55. Kd2 Kg5 56. Ke3 Kf6 57. h4 h5 58. gxh5 gxh5 59. f4 exf4+ 60. Kxf4 Be2 61. Ke3 Rc2 62. Bd2 Bd1 63. Kd3 Ra2 64. Bg5+ Ke6 65. Kd4 Kd6 66. Ra6+ Kc7 67. Kc3 Kb7 68. Rd6 Bg4 69. Bc1 Rh2 70. Bg5 Re2 71. a4 Re6 72. Rd4 Rc6+ 73. Kb4 Rb6+ 74. Ka3 Rb1 75. Ka2 Rb6 76. a5 Rb5 77. Bd2 Ka7 78. Rd6 Rd5 79. Be3+ Ka8 80. Ra6+ Kb7 81. Rb6+ Ka8 82. a6 Ra5+ 83. Kb3 Be2 84. Kb4 Rxa6 85. Rxa6+ Bxa6 86. Kc5 1/2-1/2

[Event "Nordisk Mesterskab Ungdom U20 2026"]
[Site "Fredericia"]
[Date "2026.02.15"]
[Round "6.2"]
[White "Olsen, William Alexander"]
[Black "Wedenberg, Oliver"]
[Result "1-0"]
[WhiteElo "2155"]
[BlackElo "2058"]
[WhiteFideId "1536915"]
[BlackFideId "1767909"]
[EventDate "2026.02.13"]
[EventType "swiss"]
[EventRounds "6"]
[EventCountry "DEN"]
[SourceTitle "Live v. Fredericia Chess Club"]

1. d4 d5 2. c4 e6 3. Nf3 Nf6 4. Nc3 Nbd7 5. Bf4 Bb4 6. cxd5 exd5 7. e3 c5 8. Bd3 Qa5 9. O-O Bxc3 10. bxc3 O-O 11. Rc1 c4 12. Bb1 b5 13. Ne5 Bb7 14. Nxd7 Nxd7 15. Qg4 Nf6 16. Qh4 Qb6 17. f3 Rfe8 18. g4 g6 19. Qh6 Nd7 20. h4 Qf6 21. h5 Qg7 22. hxg6 fxg6 23. Qh4 a5 24. Rf2 Ra6 25. Rb2 Bc6 26. Rcc2 Qf6 27. g5 Qe7 28. Rh2 Qf7 29. Qg3 Ra7 30. Rh6 Nf8 31. Be5 Bd7 32. Rh4 Rb7 33. Rf4 Qe7 34. Rf6 Qa3 35. Rc2 Bf5 36. Bd6 b4 37. e4 dxe4 38. fxe4 Bxe4 39. Qf4 Bf5 40. Rf2 Ne6 41. Qf3 Qc1+ 42. Kh2 Qxb1 43. Qxb7 Nxg5 44. Be5 Rxe5 45. Qb8+ Kg7 46. Qf8# 1-0

[Event "Nordisk Mesterskab Ungdom U20 2026"]
[Site "Fredericia"]
[Date "2026.02.15"]
[Round "6.3"]
[White "Briem, Benedikt"]
[Black "Hietanen, Herman"]
[Result "1-0"]
[WhiteElo "2238"]
[BlackElo "2112"]
[WhiteFideId "2315432"]
[BlackFideId "519880"]
[EventDate "2026.02.13"]
[EventType "swiss"]
[EventRounds "6"]
[EventCountry "DEN"]
[SourceTitle "Live v. Fredericia Chess Club"]

1. d4 e6 2. c4 b6 3. Nf3 Bb7 4. g3 Bb4+ 5. Bd2 Bxf3 6. exf3 Bxd2+ 7. Qxd2 Nf6 8. Nc3 d5 9. Bd3 dxc4 10. Bxc4 O-O 11. Rd1 Nc6 12. O-O Ne7 13. Rfe1 Nfd5 14. Ne4 Qd7 15. a3 Rfd8 16. Ba2 c6 17. Kg2 Nf5 18. Qg5 h6 19. Qg4 Kf8 20. Rd3 Qb7 21. Rc1 Rd7 22. Bxd5 Rxd5 23. Nc3 Rd6 24. Qe4 Rad8 25. Ne2 Qd7 26. Rdc3 Rc8 27. Qc2 g6 28. Rc4 Ne7 29. b4 Rd5 30. Nf4 Rxd4 31. Rxd4 Qxd4 32. Rd1 Qf6 33. Rd7 c5 34. bxc5 Rxc5 35. Qe4 Nd5 36. Nd3 Ra5 37. Ne5 Ne3+ 38. Qxe3 Qxe5 39. Qxh6+ Ke8 40. Rb7 Rc5 41. Rxa7 Rc7 42. Ra8+ Kd7 43. Qf8 Kc6 44. Qe8+ Kb7 45. Ra4 b5 46. Rb4 Ka6 47. a4 Rc5 48. axb5+ Rxb5 49. Rxb5 Qxb5 50. Qxf7 Qe5 51. Qxg6 Kb5 52. Qd3+ 1-0

[Event "Nordisk Mesterskab Ungdom U20 2026"]
[Site "Fredericia"]
[Date "2026.02.15"]
[Round "6.4"]
[White "Wahlgreen, Noah Krug"]
[Black "Apol, Luitjen Akselsson"]
[Result "0-1"]
[WhiteElo "2156"]
[BlackElo "2301"]
[WhiteFideId "1457349"]
[BlackFideId "7202466"]
[EventDate "2026.02.13"]
[EventType "swiss"]
[EventRounds "6"]
[EventCountry "DEN"]
[SourceTitle "Live v. Fredericia Chess Club"]

1. e4 c5 2. Nf3 d6 3. Bb5+ Nd7 4. c3 a6 5. Ba4 Nf6 6. Qe2 b5 7. Bc2 Bb7 8. d4 e6 9. O-O Be7 10. Re1 O-O 11. Nbd2 Qc7 12. Bd3 cxd4 13. cxd4 e5 14. d5 Nc5 15. Bc2 b4 16. Nb3 Nxb3 17. axb3 a5 18. Bd3 Bd8 19. Be3 Ng4 20. Nd2 Nxe3 21. Qxe3 Qd7 22. Ra4 Bc7 23. Rea1 Rfc8 24. Bf1 Bd8 25. g3 Rc5 26. Nc4 Qc7 27. Bh3 h6 28. f4 exf4 29. gxf4 Bf6 30. Bg2 Re8 31. Rxa5 Rxd5 32. Rxd5 Bxd5 33. Ra7 Qb8 34. h3 Bxc4 35. bxc4 Bxb2 36. Kh2 Bc1 37. Qf2 Bxf4+ 38. Kh1 b3 39. Ra1 b2 40. Rb1 Be5 41. Qe2 Qb3 42. Bf1 Qg3 0-1

[Event "Nordisk Mesterskab Ungdom U20 2026"]
[Site "Fredericia"]
[Date "2026.02.15"]
[Round "6.5"]
[White "Religa, Marek"]
[Black "Petersen, Elias"]
[Result "1/2-1/2"]
[WhiteElo "2304"]
[BlackElo "2102"]
[WhiteFideId "1750208"]
[BlackFideId "7202725"]
[EventDate "2026.02.13"]
[EventType "swiss"]
[EventRounds "6"]
[EventCountry "DEN"]
[SourceTitle "Live v. Fredericia Chess Club"]

1. e4 c5 2. a3 e6 3. b4 b6 4. bxc5 bxc5 5. Nc3 Nc6 6. f4 d5 7. Nf3 Nf6 8. Bb5 Bd7 9. e5 Ng4 10. h3 Nh6 11. g4 Be7 12. O-O O-O 13. Bxc6 Bxc6 14. d4 Kh8 15. Be3 Qa5 16. Qd2 Rac8 17. Rfb1 Rc7 18. Ne4 Qxd2 19. Nexd2 Ba4 20. c3 Rfc8 21. Rb2 cxd4 22. Bxd4 g6 23. Rab1 Bc5 24. Rb8 Bxd4+ 25. cxd4 Rxb8 26. Rxb8+ Kg7 27. Rb4 Bc2 28. Kf2 Rc3 29. Rb7 Rxa3 30. Rc7 Bd3 31. Ng5 Kg8 32. Rc8+ Kg7 33. Rc7 Kg8 34. Rb7 Ra2 35. Ke3 Ra3 36. Kf2 Ra2 37. Ke3 Ra3 38. Kf2 Ra2 39. Nf3 1/2-1/2

[Event "Nordisk Mesterskab Ungdom U20 2026"]
[Site "Fredericia"]
[Date "2026.02.15"]
[Round "6.6"]
[White "Omarsson, Adam"]
[Black "Iskos, Lukas"]
[Result "0-1"]
[WhiteElo "1974"]
[BlackElo "2123"]
[WhiteFideId "2311453"]
[BlackFideId "1461613"]
[EventDate "2026.02.13"]
[EventType "swiss"]
[EventRounds "6"]
[EventCountry "DEN"]
[SourceTitle "Live v. Fredericia Chess Club"]

1. d4 Nf6 2. c4 e6 3. Nc3 Bb4 4. e3 O-O 5. Bd3 d5 6. a3 Bxc3+ 7. bxc3 e5 8. dxe5 dxc4 9. exf6 cxd3 10. fxg7 Re8 11. Nf3 Bg4 12. Qb3 Bxf3 13. gxf3 Nd7 14. Bd2 Ne5 15. O-O-O Re6 16. f4 Rb6 17. Qa2 Nf3 18. h4 Qd7 19. e4 Qa4 20. e5 Nd4 21. cxd4 Qc6+ 0-1